01570nam a2200421 i 450000100060000000300080000600500170001400600190003100700150005000800410006502000280010602000270013403500220016104000310018305000250021408000150023908200150025411000580026924501490032725000180047626400470049430000410054133600310058233700330061333800430064649000540068950000220074350000220076550000260078750400280081358800830084165000260092465000260095065000270097665500270100383000550103085600630108552832FINmELB20241216232426.0m o d | cr cnu||||||||230214s2015 sp ob 001 0 spa d a9788418781803q(e-book) a9788490214145q(print) a(OCoLC)1370947363 aFINmELBbspaerdacFINmELB 4aQA76.9.F5bD559 2015 a004.451.5204a005.742231 aDireccionate Estrategias Empresariales, S.L.,eautor.10aUnidad formativa :bUF0513. Gestión auxiliar de archivo en soporte convencional o informático /cDireccionate Estrategias Empresariales S.L. a2a edición. 1aMálaga, España :bICB Editores,c2015. a1 recurso en línea (136 páginas) atextobtxt2rdacontent/spa acomputadorabc2rdamedia/spa arecurso en líneabcr2rdacarrier/spa1 aFamilia Profesional: Administración y Gestión aIncluye glosario. aIncluye índice. aIncluye Solucionario. aIncluye bibliografía. aDescripción basada en metadatos suministrados por el editor y otras fuentes. 4aGestión de Archivo. 4aSoporte Convencional. 4aSoporte Informático. 4aLibros electrónicos. 0aFamilia Profesional: Administración y Gestión.40uhttps://elibro.net/ereader/politecnicointernacional/227254